[Event "12e Open de Quenza"]
[Site "Quenza"]
[Date "2023.07.23"]
[Round "9.3"]
[White "Kosteniuk, Alexandra"]
[Black "Tregubov, Pavel V."]
[Result "1/2-1/2"]
[BlackElo "2567"]
[WhiteElo "2532"]
[LiveChessVersion "1.4.6"]

1. e4 {[%clk 0:05:03]} c5 2. Nf3 e6 {[%clk 0:05:03]} 3. d4 {[%clk 0:05:03]} cxd4
{[%clk 0:05:03]} 4. Nxd4 {[%clk 0:05:03]} Nf6 {[%clk 0:05:03]} 5. Nc3
{[%clk 0:05:03]} Nc6 {[%clk 0:05:03]} 6. Be2 {[%clk 0:04:06]} Bb4
{[%clk 0:04:57]} 7. O-O {[%clk 0:03:59]} Bxc3 {[%clk 0:04:54]} 8. bxc3
{[%clk 0:03:59]} Nxe4 {[%clk 0:04:54]} 9. Bf3 {[%clk 0:03:52]} d5
{[%clk 0:04:50]} 10. Nxc6 {[%clk 0:03:45]} bxc6 {[%clk 0:04:50]} 11. Ba3
{[%clk 0:03:41]} c5 {[%clk 0:04:35]} 12. Bxe4 {[%clk 0:03:40]} dxe4
{[%clk 0:04:35]} 13. Bxc5 {[%clk 0:03:27]} Ba6 {[%clk 0:04:02]} 14. Qxd8+
{[%clk 0:02:22]} Rxd8 {[%clk 0:03:45]} 15. Rfd1 {[%clk 0:02:22]} Rxd1+
{[%clk 0:03:22]} 16. Rxd1 {[%clk 0:02:22]} Bc4 {[%clk 0:03:22]} 17. Rd4
{[%clk 0:02:11]} Bxa2 {[%clk 0:02:35]} 18. Ra4 {[%clk 0:02:07]} Bd5
{[%clk 0:02:35]} 19. Rxa7 {[%clk 0:02:07]} h5 {[%clk 0:01:32]} 20. c4
{[%clk 0:01:21]} Bc6 {[%clk 0:01:32]} 21. Re7+ {[%clk 0:01:11]} Kd8
{[%clk 0:01:32]} 22. Rxf7 {[%clk 0:01:11]} g5 {[%clk 0:01:27]} 23. Rf8+
{[%clk 0:01:09]} Rxf8 {[%clk 0:01:27]} 24. Bxf8 {[%clk 0:01:09]} g4
{[%clk 0:01:20]} 25. Kf1 {[%clk 0:01:08]} Ba4 {[%clk 0:01:19]} 26. Ke2
{[%clk 0:01:06]} Bxc2 {[%clk 0:01:19]} 27. Ke3 {[%clk 0:01:04]} h4
{[%clk 0:01:04]} 28. g3 {[%clk 0:00:56]} hxg3 {[%clk 0:01:04]} 29. hxg3
{[%clk 0:00:56]} Kd7 {[%clk 0:01:01]} 30. Kf4 {[%clk 0:00:56]} Bd1
{[%clk 0:01:01]} 31. Kxe4 {[%clk 0:00:56]} Bb3 {[%clk 0:00:49]} 32. c5
{[%clk 0:00:53]} Bd1 {[%clk 0:00:48]} 33. Ke5 {[%clk 0:00:53]} Be2
{[%clk 0:00:47]} 34. Bd6 {[%clk 0:00:53]} Bf3 {[%clk 0:00:47]} 35. Bf8
{[%clk 0:00:53]} Bd1 {[%clk 0:00:47]} 36. Bd6 {[%clk 0:00:53]} Bf3
{[%clk 0:00:47]} 37. Bf8 {[%clk 0:00:53]} 1/2-1/2

[Event "12e Open de Quenza"]
[Site "Quenza"]
[Date "2023.07.23"]
[Round "9.4"]
[White "Maurizzi, Marc Andria"]
[Black "Guazzelli, Jean-Baptiste"]
[Result "1-0"]
[BlackElo "2055"]
[WhiteElo "2556"]
[LiveChessVersion "1.4.6"]

1. d4 {[%clk 0:05:03]} Nf6 {[%clk 0:05:03]} 2. Nf3 {[%clk 0:05:03]} d5
{[%clk 0:04:49]} 3. Bf4 {[%clk 0:05:03]} c6 {[%clk 0:04:38]} 4. Nbd2
{[%clk 0:05:03]} e6 {[%clk 0:04:38]} 5. e3 {[%clk 0:05:03]} Nbd7 {[%clk 0:04:38]}
6. Bd3 {[%clk 0:05:03]} b6 {[%clk 0:04:38]} 7. O-O {[%clk 0:05:02]} Bb7
{[%clk 0:04:38]} 8. c3 {[%clk 0:05:02]} Be7 {[%clk 0:04:38]} 9. Bg3
{[%clk 0:05:02]} O-O {[%clk 0:04:37]} 10. Ne5 {[%clk 0:05:02]} Rc8
{[%clk 0:03:28]} 11. f4 {[%clk 0:05:02]} c5 {[%clk 0:03:25]} 12. Qb1
{[%clk 0:05:02]} g6 {[%clk 0:02:46]} 13. a4 {[%clk 0:05:00]} a6 {[%clk 0:02:45]}
14. Bh4 {[%clk 0:04:54]} Nxe5 {[%clk 0:02:13]} 15. fxe5 {[%clk 0:04:54]} Ng4
{[%clk 0:02:13]} 16. Bxe7 {[%clk 0:04:52]} Qxe7 {[%clk 0:02:13]} 17. Qe1
{[%clk 0:04:48]} f5 {[%clk 0:01:59]} 18. exf6 {[%clk 0:04:47]} Rxf6
{[%clk 0:01:50]} 19. Qg3 {[%clk 0:04:47]} Nh6 {[%clk 0:00:52]} 20. Rxf6
{[%clk 0:04:45]} Qxf6 {[%clk 0:00:52]} 21. Rf1 {[%clk 0:04:45]} Nf5
{[%clk 0:00:44]} 22. Qf4 {[%clk 0:04:45]} Qe7 {[%clk 0:00:30]} 23. a5
{[%clk 0:04:44]} b5 {[%clk 0:00:30]} 24. Nb3 {[%clk 0:04:41]} c4 {[%clk 0:00:17]}
25. Bxf5 {[%clk 0:04:41]} exf5 {[%clk 0:00:11]} 26. Nc5 {[%clk 0:04:41]} Re8
{[%clk 0:00:11]} 27. h4 {[%clk 0:04:36]} Bc8 {[%clk 0:00:11]} 28. Rf3
{[%clk 0:04:36]} Kg7 {[%clk 0:00:10]} 29. Rg3 {[%clk 0:04:36]} Qf6
{[%clk 0:00:08]} 30. h5 {[%clk 0:04:35]} Kf7 31. Kf2 {[%clk 0:04:28]} Re7
{[%clk 0:00:08]} 32. Qb8 {[%clk 0:04:23]} Qc6 {[%clk 0:00:06]} 33. hxg6+
{[%clk 0:04:23]} hxg6 {[%clk 0:00:06]} 34. Qf4 {[%clk 0:04:17]} Qf6
{[%clk 0:00:06]} 35. Ke2 {[%clk 0:04:16]} Re8 {[%clk 0:00:06]} 36. Kd2
{[%clk 0:04:16]} Rh8 {[%clk 0:00:06]} 37. Qc7+ {[%clk 0:04:07]} Qe7
{[%clk 0:00:06]} 38. Qc6 {[%clk 0:04:07]} Qf6 {[%clk 0:00:06]} 39. Qxd5+
{[%clk 0:04:07]} Kg7 {[%clk 0:00:06]} 40. Nd7 {[%clk 0:03:08]} Qh4
{[%clk 0:00:05]} 41. Qe5+ {[%clk 0:03:08]} Kg8 {[%clk 0:00:04]} 42. Rxg6+
{[%clk 0:03:08]} 1-0

[Event "12e Open de Quenza"]
[Site "Quenza"]
[Date "2023.07.23"]
[Round "9.5"]
[White "Tomasi, Elise"]
[Black "Travadon, Loic"]
[Result "0-1"]
[BlackElo "2463"]
[WhiteElo "2030"]
[LiveChessVersion "1.4.6"]

1. d4 {[%clk 0:05:02]} Nf6 {[%clk 0:05:03]} 2. Nf3 {[%clk 0:05:02]} g6
{[%clk 0:05:03]} 3. g3 {[%clk 0:05:02]} Bg7 {[%clk 0:05:03]} 4. Bg2
{[%clk 0:05:02]} d6 {[%clk 0:05:03]} 5. O-O {[%clk 0:05:02]} O-O {[%clk 0:05:03]}
6. a4 {[%clk 0:05:02]} Nc6 {[%clk 0:05:03]} 7. a5 {[%clk 0:05:02]} a6
{[%clk 0:05:03]} 8. b3 {[%clk 0:04:47]} Bg4 {[%clk 0:05:02]} 9. Bb2
{[%clk 0:04:41]} Qc8 {[%clk 0:05:02]} 10. Re1 {[%clk 0:04:36]} Rd8
{[%clk 0:04:53]} 11. e4 {[%clk 0:04:02]} e5 {[%clk 0:04:53]} 12. d5
{[%clk 0:03:42]} Nd4 {[%clk 0:04:53]} 13. Bxd4 {[%clk 0:03:12]} exd4
{[%clk 0:04:53]} 14. Ra4 {[%clk 0:03:12]} Nd7 {[%clk 0:04:42]} 15. h3 Bxf3
{[%clk 0:04:42]} 16. Qxf3 {[%clk 0:02:57]} Nc5 {[%clk 0:04:42]} 17. Ra2
{[%clk 0:02:54]} Re8 {[%clk 0:04:40]} 18. Nd2 {[%clk 0:02:54]} Qd7
{[%clk 0:04:36]} 19. Qd1 {[%clk 0:00:59]} Re7 {[%clk 0:04:34]} 20. Nc4
{[%clk 0:00:33]} Rae8 {[%clk 0:04:33]} 21. f3 {[%clk 0:00:33]} f5
{[%clk 0:04:31]} 22. c3 {[%clk 0:00:29]} dxc3 {[%clk 0:04:10]} 23. b4
{[%clk 0:00:09]} Qb5 {[%clk 0:04:10]} 24. bxc5 {[%clk 0:00:08]} Qxc4
{[%clk 0:04:10]} 25. Rae2 {[%clk 0:00:07]} Qxc5+ {[%clk 0:04:10]} 26. Kh2
{[%clk 0:00:07]} fxe4 {[%clk 0:04:10]} 27. Rxe4 {[%clk 0:00:07]} Rxe4
{[%clk 0:04:10]} 28. fxe4 {[%clk 0:00:05]} Rf8 {[%clk 0:04:01]} 29. Qg4
{[%clk 0:00:05]} c2 {[%clk 0:04:01]} 30. Rc1 {[%clk 0:00:05]} Be5
{[%clk 0:04:01]} 31. Qe6+ Kg7 32. Qe7+ {[%clk 0:00:05]} Rf7 {[%clk 0:04:01]} 33.
Qg5 Bb2 0-1

[Event "12e Open de Quenza"]
[Site "Quenza"]
[Date "2023.07.23"]
[Round "9.6"]
[White "Don Ignazi, Pierre Ange"]
[Black "Skripchenko, Almira"]
[Result "1-0"]
[BlackElo "2380"]
[WhiteElo "1728"]
[LiveChessVersion "1.4.6"]

1. e4 d6 2. Nf3 Nf6 3. Nc3 e5 4. d4 {[%clk 0:05:03]} Nbd7 {[%clk 0:05:03]} 5. Bc4
{[%clk 0:04:56]} Be7 {[%clk 0:05:03]} 6. O-O {[%clk 0:04:56]} O-O
{[%clk 0:05:03]} 7. Re1 {[%clk 0:04:48]} a6 {[%clk 0:05:03]} 8. a4
{[%clk 0:04:48]} b6 {[%clk 0:05:03]} 9. dxe5 {[%clk 0:04:43]} dxe5
{[%clk 0:05:03]} 10. Nd5 {[%clk 0:04:41]} Bb7 {[%clk 0:04:38]} 11. Qe2
{[%clk 0:04:00]} Nxd5 {[%clk 0:04:31]} 12. exd5 {[%clk 0:03:58]} Bd6
{[%clk 0:04:31]} 13. Bg5 {[%clk 0:03:17]} f6 14. Bh4 {[%clk 0:03:14]} Qe8
{[%clk 0:04:19]} 15. Bg3 {[%clk 0:02:53]} Kh8 {[%clk 0:03:56]} 16. Rad1
{[%clk 0:02:53]} Qf7 {[%clk 0:03:53]} 17. h3 {[%clk 0:02:26]} Rfd8
{[%clk 0:03:47]} 18. c3 {[%clk 0:02:09]} Nf8 {[%clk 0:03:41]} 19. Qe4
{[%clk 0:01:57]} Ng6 {[%clk 0:03:13]} 20. Qf5 {[%clk 0:01:49]} Bc8
{[%clk 0:03:10]} 21. Ng5 {[%clk 0:01:40]} Qg8 {[%clk 0:02:58]} 22. Ne6
{[%clk 0:01:38]} Re8 {[%clk 0:02:35]} 23. h4 {[%clk 0:01:30]} Nf8
{[%clk 0:02:30]} 24. Qd3 {[%clk 0:00:59]} Nxe6 {[%clk 0:02:24]} 25. dxe6
{[%clk 0:00:59]} Bxe6 {[%clk 0:02:24]} 26. Bxa6 {[%clk 0:00:59]} Red8
{[%clk 0:02:15]} 27. Qe2 {[%clk 0:00:54]} Bb3 {[%clk 0:02:03]} 28. Ra1
{[%clk 0:00:46]} Bc5 {[%clk 0:02:03]} 29. Bb5 {[%clk 0:00:41]} Rd6
{[%clk 0:01:53]} 30. h5 {[%clk 0:00:22]} Rad8 {[%clk 0:01:41]} 31. Qg4
{[%clk 0:00:22]} Be6 {[%clk 0:01:35]} 32. Qf3 {[%clk 0:00:22]} Bd5
{[%clk 0:00:50]} 33. Qg4 {[%clk 0:00:22]} Bf7 {[%clk 0:00:38]} 34. Rad1
{[%clk 0:00:22]} c6 {[%clk 0:00:31]} 35. Bf1 {[%clk 0:00:17]} Be6
{[%clk 0:00:23]} 36. Qf3 {[%clk 0:00:17]} Bd5 {[%clk 0:00:22]} 37. Qg4
{[%clk 0:00:17]} Qf7 {[%clk 0:00:17]} 38. b4 {[%clk 0:00:15]} Be6
{[%clk 0:00:17]} 39. Qf3 {[%clk 0:00:15]} Rxd1 {[%clk 0:00:17]} 40. Rxd1
{[%clk 0:00:15]} Rxd1 {[%clk 0:00:17]} 41. Qxd1 Bf8 {[%clk 0:00:17]} 42. h6
{[%clk 0:00:12]} gxh6 {[%clk 0:00:17]} 43. Qd8 {[%clk 0:00:12]} Kg7
{[%clk 0:00:07]} 44. Qxb6 {[%clk 0:00:12]} Qd7 {[%clk 0:00:07]} 45. a5
{[%clk 0:00:08]} Qd1 {[%clk 0:00:04]} 46. Qxc6 {[%clk 0:00:08]} Bf5
{[%clk 0:00:04]} 47. Qb7+ {[%clk 0:00:08]} Kg6 {[%clk 0:00:04]} 48. Qf3
{[%clk 0:00:08]} Qc1 {[%clk 0:00:04]} 49. a6 {[%clk 0:00:08]} e4 {[%clk 0:00:04]}
50. Qe3 {[%clk 0:00:08]} Qa1 {[%clk 0:00:04]} 51. a7 {[%clk 0:00:08]} Be7
{[%clk 0:00:04]} 52. b5 {[%clk 0:00:07]} Bd8 {[%clk 0:00:04]} 53. b6
{[%clk 0:00:07]} Bxb6 {[%clk 0:00:04]} 54. Qxb6 {[%clk 0:00:07]} Bd7
{[%clk 0:00:04]} 55. Qc7 {[%clk 0:00:07]} Bb5 {[%clk 0:00:04]} 56. Kh2
{[%clk 0:00:05]} Qxf1 {[%clk 0:00:04]} 57. a8=Q {[%clk 0:00:05]} Bd3 1-0

[Event "12e Open de Quenza"]
[Site "Quenza"]
[Date "2023.07.23"]
[Round "9.7"]
[White "Tomasi, Albert"]
[Black "Ratier-Fontana, Matteo"]
[Result "0-1"]
[BlackElo "1902"]
[WhiteElo "2291"]
[LiveChessVersion "1.4.6"]

1. e4 {[%clk 0:05:03]} c5 {[%clk 0:05:03]} 2. Nf3 {[%clk 0:05:03]} d6
{[%clk 0:05:03]} 3. d4 {[%clk 0:05:03]} cxd4 {[%clk 0:05:03]} 4. Nxd4
{[%clk 0:05:03]} Nf6 {[%clk 0:05:03]} 5. Nc3 {[%clk 0:05:03]} a6 {[%clk 0:05:03]}
6. g3 {[%clk 0:05:03]} e5 {[%clk 0:05:01]} 7. Nde2 {[%clk 0:05:03]} Be7
{[%clk 0:04:43]} 8. Bg2 {[%clk 0:05:03]} O-O {[%clk 0:04:23]} 9. O-O
{[%clk 0:05:03]} Be6 {[%clk 0:04:18]} 10. h3 {[%clk 0:05:03]} Nbd7
{[%clk 0:04:05]} 11. g4 {[%clk 0:05:03]} h6 {[%clk 0:04:01]} 12. Ng3
{[%clk 0:05:03]} b5 {[%clk 0:03:51]} 13. a4 {[%clk 0:05:03]} b4 {[%clk 0:03:38]}
14. Nd5 {[%clk 0:05:03]} Bxd5 {[%clk 0:03:38]} 15. exd5 {[%clk 0:05:03]} Re8
{[%clk 0:03:24]} 16. a5 {[%clk 0:05:00]} Rb8 {[%clk 0:03:13]} 17. Qe2
{[%clk 0:04:57]} Rb5 {[%clk 0:02:57]} 18. Rd1 {[%clk 0:04:09]} Rxa5
{[%clk 0:02:27]} 19. Be3 {[%clk 0:04:09]} Qc7 {[%clk 0:02:00]} 20. Nf5
{[%clk 0:03:46]} Bf8 {[%clk 0:02:00]} 21. h4 {[%clk 0:03:46]} Rxa1
{[%clk 0:01:45]} 22. Rxa1 {[%clk 0:03:46]} Nb6 {[%clk 0:01:19]} 23. Ra5
{[%clk 0:03:04]} Nc4 {[%clk 0:01:10]} 24. Rxa6 {[%clk 0:03:04]} Nxe3
{[%clk 0:01:04]} 25. Nxe3 {[%clk 0:03:04]} Qb7 {[%clk 0:00:43]} 26. Rc6
{[%clk 0:02:52]} Nd7 {[%clk 0:00:31]} 27. Nc4 {[%clk 0:02:31]} Qb8
{[%clk 0:00:29]} 28. g5 {[%clk 0:02:03]} hxg5 {[%clk 0:00:20]} 29. hxg5
{[%clk 0:02:03]} g6 {[%clk 0:00:16]} 30. Qg4 {[%clk 0:01:32]} Rd8
{[%clk 0:00:15]} 31. Ne3 {[%clk 0:01:23]} Nc5 {[%clk 0:00:12]} 32. Qc4
{[%clk 0:01:14]} Qb7 {[%clk 0:00:12]} 33. Ng4 {[%clk 0:01:10]} Be7
{[%clk 0:00:12]} 34. Nf6+ {[%clk 0:01:06]} Kg7 {[%clk 0:00:12]} 35. Rxc5
{[%clk 0:00:49]} dxc5 {[%clk 0:00:10]} 36. d6 {[%clk 0:00:49]} Qa7
{[%clk 0:00:10]} 37. dxe7 {[%clk 0:00:47]} Qxe7 {[%clk 0:00:10]} 38. Bd5
{[%clk 0:00:27]} Rh8 {[%clk 0:00:10]} 39. Qe4 {[%clk 0:00:23]} Rd8
{[%clk 0:00:07]} 40. f4 {[%clk 0:00:15]} Qc7 {[%clk 0:00:05]} 41. fxe5
{[%clk 0:00:13]} Qb6 {[%clk 0:00:05]} 42. e6 {[%clk 0:00:06]} c4+ 43. Kg2
{[%clk 0:00:06]} fxe6 {[%clk 0:00:04]} 44. Qe5 {[%clk 0:00:06]} Kf7
{[%clk 0:00:04]} 45. Bf3 Rd2+ 46. Kg3 Qf2+ 47. Kf4 Qh4+ 48. Ke3 Rd8 49. Ng4 Qe1+
50. Kf4 Qxe5+ 51. Nxe5+ Kg7 52. Nxc4 Rc8 53. Ne3 Kf7 54. Ke5 Rc5+ 55. Kd4 Rxg5
56. Be4 Rg1 57. Nc4 Kf6 58. Nd6 g5 59. Kc5 g4 60. Bd3 Rb1 61. Ne4+ Ke5 62. Kxb4
Rxb2+ 63. Kc3 Rb8 64. Nf2 Kf4 65. Kd2 0-1

[Event "12e Open de Quenza"]
[Site "Quenza"]
[Date "2023.07.23"]
[Round "9.8"]
[White "Pieri, Pierre-Louis"]
[Black "Soetewey, Patrick"]
[Result "1/2-1/2"]
[BlackElo "1682"]
[WhiteElo "2089"]
[LiveChessVersion "1.4.6"]

1. e4 {[%clk 0:05:03]} Nc6 {[%clk 0:05:03]} 2. Nf3 {[%clk 0:04:53]} d5
{[%clk 0:05:03]} 3. exd5 {[%clk 0:04:50]} Qxd5 {[%clk 0:05:03]} 4. d4
{[%clk 0:04:44]} Bg4 {[%clk 0:05:03]} 5. Be2 {[%clk 0:04:39]} O-O-O
{[%clk 0:05:03]} 6. Be3 {[%clk 0:04:36]} e5 {[%clk 0:04:54]} 7. c4
{[%clk 0:03:48]} Bb4+ {[%clk 0:04:42]} 8. Nbd2 {[%clk 0:03:35]} Qa5
{[%clk 0:04:34]} 9. d5 {[%clk 0:03:35]} Bxf3 {[%clk 0:04:20]} 10. Bxf3
{[%clk 0:03:28]} Nd4 {[%clk 0:04:20]} 11. a3 {[%clk 0:02:16]} Nxf3+
{[%clk 0:03:46]} 12. Qxf3 {[%clk 0:02:16]} Nf6 {[%clk 0:03:46]} 13. Qf5+
{[%clk 0:01:43]} Kb8 {[%clk 0:03:45]} 14. Qxe5 {[%clk 0:01:34]} Rhe8
{[%clk 0:03:45]} 15. Qd4 {[%clk 0:01:34]} Bxd2+ {[%clk 0:03:32]} 16. Qxd2
{[%clk 0:01:34]} Qxd2+ {[%clk 0:03:32]} 17. Kxd2 c6 18. f3 {[%clk 0:01:18]} cxd5
{[%clk 0:03:32]} 19. c5 {[%clk 0:01:14]} d4 {[%clk 0:03:21]} 20. Bf4+ Kc8 21.
Rhe1 {[%clk 0:01:09]} Nd5 {[%clk 0:03:21]} 22. Bd6 {[%clk 0:01:09]} Ne3
{[%clk 0:03:21]} 23. Kd3 {[%clk 0:00:40]} g6 {[%clk 0:02:58]} 24. g3
{[%clk 0:00:36]} Re6 {[%clk 0:02:45]} 25. Rac1 {[%clk 0:00:29]} Rde8
{[%clk 0:02:23]} 26. Bf4 {[%clk 0:00:23]} Nd5 {[%clk 0:02:23]} 27. Rxe6
{[%clk 0:00:23]} Nxf4+ {[%clk 0:02:23]} 28. gxf4 {[%clk 0:00:23]} Rxe6
{[%clk 0:02:23]} 29. Kxd4 {[%clk 0:00:23]} Kd7 {[%clk 0:02:22]} 30. b4
{[%clk 0:00:22]} a6 {[%clk 0:02:22]} 31. a4 {[%clk 0:00:22]} Re2 {[%clk 0:02:22]}
32. b5 {[%clk 0:00:22]} axb5 {[%clk 0:02:22]} 33. axb5 {[%clk 0:00:22]} Rxh2
{[%clk 0:02:22]} 34. Ke5 {[%clk 0:00:21]} Re2+ {[%clk 0:02:20]} 35. Kf6
{[%clk 0:00:21]} Rf2 {[%clk 0:02:14]} 36. Rc3 {[%clk 0:00:21]} Rb2
{[%clk 0:02:11]} 37. c6+ {[%clk 0:00:21]} bxc6 {[%clk 0:02:11]} 38. bxc6+
{[%clk 0:00:21]} Kc7 {[%clk 0:02:11]} 39. Kxf7 {[%clk 0:00:21]} Rb4
{[%clk 0:02:11]} 40. Kg7 {[%clk 0:00:18]} Rxf4 {[%clk 0:02:11]} 41. Kxh7
{[%clk 0:00:18]} Rf6 {[%clk 0:02:08]} 42. Kg7 {[%clk 0:00:16]} Rd6
{[%clk 0:02:08]} 43. f4 {[%clk 0:00:16]} Re6 {[%clk 0:02:08]} 44. Kf7
{[%clk 0:00:15]} Rd6 {[%clk 0:02:08]} 45. Rc4 {[%clk 0:00:15]} Kd8
{[%clk 0:01:23]} 46. c7+ {[%clk 0:00:15]} Kc8 {[%clk 0:01:23]} 47. Kg7
{[%clk 0:00:15]} Re6 {[%clk 0:01:22]} 48. Kf7 {[%clk 0:00:15]} Rd6
{[%clk 0:01:22]} 49. Ke7 {[%clk 0:00:10]} Rb6 {[%clk 0:01:22]} 50. Rc5
{[%clk 0:00:08]} Rb4 {[%clk 0:01:18]} 51. Kd6 {[%clk 0:00:05]} Rxf4
{[%clk 0:01:18]} 52. Rb5 {[%clk 0:00:05]} Rf6+ {[%clk 0:01:17]} 53. Ke7
{[%clk 0:00:05]} Rf1 {[%clk 0:01:14]} 54. Rg5 {[%clk 0:00:05]} Kxc7
{[%clk 0:01:13]} 55. Rxg6 {[%clk 0:00:05]} Re1+ {[%clk 0:01:13]} 56. Re6
{[%clk 0:00:05]} Rxe6+ {[%clk 0:01:13]} 57. Kxe6 {[%clk 0:00:05]} 1/2-1/2